书目信息 |
| 题名: |
统计遗传学
|
|
| 作者: | 顾万春 著 | |
| 分册: | ||
| 出版信息: | 北京 科学出版社 2004.07 |
|
| 页数: | 422页 | |
| 开本: | 26cm | |
| 丛书名: | 现代遗传学丛书 | |
| 单 册: | ||
| 中图分类: | Q3-32 | |
| 科图分类: | ||
| 主题词: | 遗传学--应用统计学 , 遗传学 , 应用统计学 | |
| 电子资源: | ||
| ISBN: | 7-03-012476-6 | |
| 000 | 00811nam2 2200289 45 | |
| 001 | 012004000000 | |
| 005 | 20050114145800.04 | |
| 010 | @a7-03-012476-6@dCNY 58.00 | |
| 100 | @a20040920d2004 em y0chiy0121 ea | |
| 101 | 0 | @achi |
| 102 | @aCN@b110000 | |
| 105 | @aak z 000yy | |
| 200 | 1 | @a统计遗传学@Atong ji yi chuan xue@f顾万春著 |
| 210 | @a北京@c科学出版社@d2004.07 | |
| 215 | @a422页@c图, 表格@d26cm | |
| 225 | 2 | @a现代遗传学丛书 |
| 312 | @a封面并列题名: Statistical genetics | |
| 320 | @a附附录和主要参考文献 | |
| 410 | 0 | @12001 @a现代遗传学丛书 |
| 510 | 1 | @aStatistical genetics@zeng |
| 606 | 0 | @a遗传学@x应用统计学 |
| 606 | 0 | @a遗传学 |
| 606 | 0 | @a应用统计学 |
| 690 | @aQ3-32@v4 | |
| 701 | 0 | @a顾万春@Agu wan chun@4著 |
| 801 | 0 | @aCN@bQSSKw@c20050114 |
| 905 | @a10447@dQ3-32@eG510 | |
| 统计遗传学/顾万春著.-北京:科学出版社,2004.07 |
| 422页:图, 表格;26cm.-(现代遗传学丛书) |
| ISBN 7-03-012476-6:CNY 58.00 |
| ● |
| 相关链接 |
|
|
|
正题名:统计遗传学
索取号:Q3-32/G510
 
预约/预借
| 序号 | 登录号 | 条形码 | 馆藏地/架位号 | 状态 | 备注 |
| 1 | 437430 | 204374300 | 自科库401/401自科库 27排2列1层/ [索取号:Q3-32/G510] | 在馆 | |
| 2 | 437431 | 204374319 | 自科库401/401自科库 27排2列1层/ [索取号:Q3-32/G510] | 在馆 |